MARC

LEADER 00000nam0a2200000 4500
001 23206
005 20231030195141.0
010 |a 5836500452 
035 |a (RuTPU)RU\TPU\book\23424 
035 |a BOOK00023496 
090 |a 23206 
100 |a 20011209d2000 k y0rusy50 ca 
101 0 |a rus 
102 |a RU 
105 |a y z 000zy 
200 1 |a Повышение продуктивности и реанимации скважин с применением виброволнового воздействия  |f В. П. Дыбленко, Р. Н. Камалов, Р. Я. Шарифуллин, И. А. Туфанов 
210 |a Москва  |c Недра  |d 2000 
215 |a 381 с. 
610 1 |a нефть 
610 1 |a добыча 
610 1 |a интенсификация 
610 1 |a скважины 
610 1 |a продуктивность 
610 1 |a реанимация 
610 1 |a воздействия 
610 1 |a колебания 
675 |a 622.276.6  |v 3 
701 1 |a Дыбленко  |b В. П.  |g Валерий Петрович 
701 1 |a Камалов  |b Р. Н.  |g Рустэм Наифович 
701 1 |a Шарифуллин  |b Р. Я.  |g Ришад Яхиевич 
701 1 |a Туфанов  |b И. А.  |g Илья Александрович 
801 0 |a RU  |b 63413507  |c 20011209  |g PSBO 
801 2 |a RU  |b 63413507  |c 20081013  |g PSBO 
942 |c BK